| 000 | 01169nam a2200325Ia 4500 | ||
|---|---|---|---|
| 003 | OSt | ||
| 005 | 20221007125355.0 | ||
| 006 | a|||||r|||| 00| 0 | ||
| 007 | ta | ||
| 008 | 221006b |||||||| |||| 00| 0 eng d | ||
| 020 |
_a0195105893 (pbk) _cRs.595.00 |
||
| 024 | _a9629 | ||
| 037 |
_bDhanraj, _cTextual |
||
| 040 |
_aCDL _cCDL _beng |
||
| 041 |
_2eng _aeng |
||
| 082 | _aE:2, M0;P0-;1 | ||
| 100 |
_aBerry R Stephen _9721857 |
||
| 245 | 0 |
_aPhysical chemistry by R Stephen Berry and others _b Rice Stuart A Ross John |
|
| 250 | _aEd 2 | ||
| 260 |
_aOxford _bOxford University Press _c2000 |
||
| 300 |
_axv, 1064p _ccm. |
||
| 490 | _aTopics in physical chemistry | ||
| 500 | _aAppendix I-IV, 1019-1045p; Index 1047-1064p; ^n23/CSL/CARC/2002-2003/379^d2002-09-25^mPurchase; ; 2002-03/309^b2002-10-24^c081^d2002-10-16^eRs.10,653.00^fDhanraj Book House; ; 2002-11-08^bSB^c2002-11-12^dRPS | ||
| 650 |
_a Physical _9297719 |
||
| 650 | _aChemistry | ||
| 700 |
_a Rice Stuart A _9721858 |
||
| 700 | _a Ross John | ||
| 942 |
_hE:2, M0;P0-;1 _cTEXL _2CC |
||
| 999 |
_c1215165 _d1215165 |
||